[Event "Olympiad Women 2024"]
[Site "Budapest HUN"]
[Date "2024.09.16"]
[Round "6.39"]
[Board "3"]
[White "Zhezhovska, Monika"]
[Black "Lesbekova, Assel"]
[Result "1/2-1/2"]
[WhiteElo "2106"]
[BlackElo "1903"]
[PlyCount "119"]
[EventDate "2024.09.11"]
[WhiteTeam "North Macedonia"]
[BlackTeam "Kyrgyzstan"]
[BlackTeamCountry "KGZ"]

1. d4 Nf6 2. c4 e6 3. Nc3 Bb4 4. Qc2 d5 5. cxd5 exd5 6. Bg5 Be6 7. e3 Nbd7 ({RR} 7... h6 8. Bh4 c6 9. Bd3 Nbd7 10. Nf3 O-O 11. h3 Bd6 12. O-O Qc7 13. Bxf6 Nxf6 14. Rac1 Qe7 15. a3 a5 16. Na4 Nd7 17. Rfe1 Qf6 18. Nd2 Rfe8 19. Nb3 Qh4 20. Bf1 Qh5 21. Nbc5 Nxc5 22. Nxc5 {0-1 Shuvalov,E (1993)-Schnaider,I (2395) Titled Tue 18th Jun Early 2024 (3)}) 8. Nf3 ({RR} 8. a3 Bxc3+ 9. Qxc3 h6 10. Bh4 Rc8 11. Bd3 Ne4 12. Bxd8 Nxc3 13. Bh4 Ne4 14. Ne2 g5 15. Bg3 Nxg3 16. Nxg3 c5 17. dxc5 Nxc5 18. Rd1 O-O 19. h4 d4 20. exd4 Nxd3+ 21. Rxd3 Rc1+ 22. Rd1 Rxd1+ {½-½ Donchenko,A (2559)-Short,N (2698) Douglas IoM op 2017 (6)}) 8... c5 $146 ({RR} 8... h6 9. Bh4 c5 10. Be2 Rc8 11. O-O Qa5 12. a3 Bxc3 13. Qxc3 Qxc3 14. bxc3 Ne4 15. Rfc1 c4 16. Rab1 b6 17. Rb2 g5 18. Bg3 h5 19. h4 g4 20. Nd2 Nxg3 21. fxg3 f5 22. a4 Ke7 23. Bd1 {0-1 Schmidt,W (2360)-Kovalenko,I (2611) Poznan Trzcianka blitz 2014 (3)}) ({RR} 8... c6 9. Bd3 O-O 10. Bxh7+ Kh8 11. Bd3 c5 12. dxc5 Nxc5 13. O-O Rc8 14. Nd4 Nxd3 15. Qxd3 Bxc3 16. bxc3 Bg4 17. h3 Bh5 18. f4 Qd6 19. Bxf6 Qxf6 20. f5 Qe5 21. Rf4 g5 22. fxg6 Bxg6 23. Qd2 {0-1 Kecskes,G (2220)-Rothfuss,O Eger Agria op 1993 (1)}) ({RR} 8... h6 9. Bh4 O-O 10. a3 Be7 11. Bd3 c5 12. dxc5 Nxc5 13. O-O Rc8 14. Nd4 Bd6 15. Bg3 Bxg3 16. hxg3 Ng4 17. Be2 Nf6 18. Rac1 Qb6 19. Qb1 Nce4 20. Nxe4 dxe4 21. Nxe6 Qxe6 {½-½ Shmeliov,D (2461)-Belous,V (2533) Charlotte CCCSA Winter GM 2019 (5)}) 9. dxc5 Qa5 10. Bd3 Ne4 11. O-O Nxc3 12. bxc3 Bxc5 13. Nd4 Bxd4 14. cxd4 h6 15. Bf4 O-O 16. Rab1 Rfc8 17. Qe2 Nb6 18. Qh5 Qa3 19. Rbd1 Qf8 20. g4 Rc6 21. g5 g6 22. Qxh6 Qxh6 23. gxh6 Bh3 24. Rfe1 Bg4 25. Rc1 Rac8 26. e4 Be6 27. e5 Rc3 28. Bb1 Na4 29. Rxc3 Nxc3 30. Kg2 b6 31. h4 b5 32. a3 Rc4 33. Be3 Ra4 34. Bd3 Rxa3 35. h5 Kh7 36. Rh1 Ne4 37. hxg6+ fxg6 38. Bxb5 Bf5 39. Bc6 Nc3 40. Rc1 Be4+ 41. Kh3 Ne2 42. Rc5 Ra1 43. Kh4 Rg1 44. Bxd5 g5+ 45. Bxg5 Rh1+ 46. Kg4 Rg1+ 47. Kh5 Rh1+ 48. Bh4 Bxd5 49. Rc7+ Kg8 50. h7+ Kh8 51. Kg4 Rg1+ 52. Bg3 Be6+ 53. Kg5 Rh1 54. Rxa7 Rxh7 55. Ra8+ Kg7 56. Ra7+ Kg8 57. Ra8+ Kf7 58. Ra7+ Kg8 59. Ra8+ Kf7 60. Ra7+ 1/2-1/2

[Event "Olympiad Women 2024"]
[Site "Budapest HUN"]
[Date "2024.09.16"]
[Round "6.41"]
[Board "1"]
[White "Gabatshwarwe Refilwe"]
[Black "Arakhamia-Grant, Ketevan"]
[Result "0-1"]
[WhiteElo "1787"]
[BlackElo "2263"]
[PlyCount "182"]
[EventDate "2024.09.11"]
[WhiteTeam "Botswana"]
[BlackTeam "Scotland"]
[WhiteTeamCountry "BOT"]
[BlackTeamCountry "SCO"]

1. d4 Nf6 2. c4 g6 3. Nc3 Bg7 4. e4 d6 5. Be2 O-O 6. Be3 Na6 7. h3 c5 8. e5 ({RR} 8. d5 e6 9. Nf3 exd5 10. exd5 Re8 11. O-O Rxe3 12. fxe3 Qe7 13. e4 Nxe4 14. Nxe4 Qxe4 15. Bd3 Qe3+ 16. Kh1 Bd7 17. Qd2 Qxd2 18. Nxd2 Nb4 19. Be2 Bxb2 20. Rab1 Bc3 21. Ne4 Be5 22. a3 Na2 {0-1 Silva,L (2268)-Gubajdullin,A (2229) Titled Tue 9th Apr Early 2024 (10)}) 8... Nd7 9. exd6 exd6 10. Nf3 Nc7 $146 ({RR} 10... Nf6 11. O-O Bf5 12. Bd3 Qc8 13. Qd2 Re8 14. d5 Bxh3 15. gxh3 Qxh3 16. Nh2 Ng4 17. Bf4 Nxh2 18. Bxh2 Re5 19. Be4 Rh5 20. Bg3 Bd4 21. Qf4 Be5 22. Qf3 Rg5 23. Qg2 Qh6 24. Qh2 Rh5 25. Qg2 {1-0 Lapertosa Viana,J (2142)-Batista,G (2201) Mineiro-ch Varginha 2009 (10)}) 11. O-O Re8 12. Qd2 a6 13. Rfd1 Ne6 14. a4 b6 15. Ra3 Qe7 16. Nd5 Qf8 17. Bf1 Bb7 18. a5 bxa5 19. Qxa5 Rab8 20. b3 Rec8 21. Qd2 Rd8 22. Be2 Re8 23. Bf1 h6 24. Rb1 Kh7 25. Ra2 Qh8 26. dxc5 Ndxc5 27. Rc2 Ne4 28. Qc1 a5 29. Qa3 Ra8 30. Bb6 Nc3 31. Nxc3 Bxc3 32. Qxd6 Bb4 33. Qd7 Re7 34. Qd1 Qf6 35. Be3 Rd8 36. Qc1 Be4 37. Ra2 Bxb1 38. Qxb1 Red7 39. Be2 Nf4 40. Bxf4 Qxf4 41. g3 Qf6 42. Kg2 Kg7 43. Rc2 Bc5 44. Ra2 Bb4 45. Rc2 Rc7 46. h4 Rc5 47. Qb2 Qxb2 48. Rxb2 Kf6 49. Rb1 Rc7 50. Rc1 Re7 51. Bf1 Bc5 52. Ra1 Ra7 53. Be2 Ke6 54. Ra2 Bb4 55. Ra1 f6 56. g4 Rc7 57. Kg3 Kf7 58. g5 Re7 59. Bf1 hxg5 60. hxg5 f5 61. c5 Re4 62. Nh2 Bxc5 63. Bc4+ Kg7 64. Rxa5 Bd6+ 65. Kg2 Re7 66. Rd5 Bc7 67. Rxd8 Bxd8 68. Nf1 Re4 69. Nd2 Rg4+ 70. Kf1 Bxg5 71. Nf3 Bf6 72. Ke2 Re4+ 73. Kf1 g5 74. Nd2 Rd4 75. Nf3 Rd6 76. Ne1 Bc3 77. Nf3 Kf6 78. Ng1 Rd1+ 79. Kg2 Rb1 80. Ne2 Be5 81. Ng3 Rb2 82. Nh5+ Kg6 83. Ng3 Bd6 84. Be6 Kf6 85. Bc4 Bc5 86. Ne2 g4 87. f3 Kg5 88. fxg4 Kxg4 89. Kf1 f4 90. Ke1 f3 91. Nc1 Be3 0-1

[Event "Olympiad Women 2024"]
[Site "Budapest HUN"]
[Date "2024.09.16"]
[Round "6.41"]
[Board "2"]
[White "Roy, Ali"]
[Black "Banda Natalie Katlo"]
[Result "1/2-1/2"]
[WhiteElo "1961"]
[BlackElo "1893"]
[PlyCount "101"]
[EventDate "2024.09.11"]
[WhiteTeam "Scotland"]
[BlackTeam "Botswana"]
[WhiteTeamCountry "SCO"]
[BlackTeamCountry "BOT"]

1. Nf3 d5 2. g3 Nf6 3. Bg2 Bg4 4. O-O e6 5. d3 c6 6. Nbd2 Nbd7 7. c4 Bd6 8. b3 O-O 9. Bb2 e5 10. h3 Be6 $146 ({RR} 10... Bh5 11. Qc2 Re8 12. e4 dxe4 13. dxe4 a5 14. a3 Qb6 15. Bc3 h6 16. Nh4 Bf8 17. Bf3 Rad8 18. Kg2 Nc5 19. Bxh5 Nxh5 20. Nhf3 Nd3 21. Ne1 Nc5 22. b4 Ne6 23. bxa5 Qc7 24. Ndf3 Qc8 25. Kh2 {1-0 Karlsson,L (2505)-Lobron,E (2625) EU-Cup 09th Group1 1993 (2)}) ({RR} 10... Bh5 11. Nh4 Re8 12. Ndf3 Bg6 13. Nxg6 hxg6 14. a3 Qe7 15. Nd2 Rad8 16. cxd5 cxd5 17. b4 e4 18. dxe4 dxe4 19. Nc4 Ne5 20. Nxd6 Rxd6 21. Qb3 b5 22. Rad1 Nc4 23. Rxd6 Qxd6 24. Rd1 Qe6 25. e3 {½-½ Kortschnoj,V (2695)-Van der Wiel,J (2465) Hoogovens Wijk aan Zee 1980 (3)}) ({RR} 10... Bh5 11. g4 Bg6 12. Nh4 Re8 13. Nxg6 hxg6 14. e3 Qe7 15. Qc2 Nb6 16. a3 a5 17. Nf3 e4 18. dxe4 Nxe4 19. Bd4 Bc5 20. Rfd1 dxc4 21. bxc4 Rad8 22. Rab1 Qc7 23. Be5 Rxd1+ 24. Rxd1 Rxe5 25. Nxe5 {0-1 Petriashvili,N (2475)-Dvirnyy,D (2480) Titled Tue 30th Apr Early 2024 (3)}) ({RR} 10... Bxf3 11. Nxf3 Qe7 12. Nh4 g6 13. e4 dxe4 14. dxe4 Ba3 15. Qc1 Bxb2 16. Qxb2 a5 17. Rae1 Nc5 18. Qc3 Rfd8 19. Re3 Nfd7 20. Nf3 Ne6 21. Nxe5 Nxe5 22. Qxe5 Rd4 23. Rf3 a4 24. h4 a3 25. Bh3 {1-0 Nemet,I-Antunac,G Zagreb PTT 60th anniversary 1964 (5)}) 11. Rc1 h6 12. Nb1 Re8 13. cxd5 Bxd5 14. Nc3 Qb6 15. Nxd5 cxd5 16. Qd2 Nh5 17. Kh2 e4 18. dxe4 dxe4 19. Bd4 e3 20. Qc3 Qa6 21. Bxe3 Qxe2 22. Rfe1 Qa6 23. Bf1 Qa3 24. Nd2 Bb4 25. Qd4 Ne5 26. Qe4 Bxd2 27. Bxd2 Qxa2 28. Be3 Nc6 29. Qf3 Nf6 30. Bc4 Ne5 31. Qxb7 Rab8 32. Qg2 Nxc4 33. bxc4 Rb2 34. Ra1 Qxc4 35. Rxa7 Qc3 36. Raa1 Qb3 37. Qf3 Qb7 38. Qxb7 Rxb7 39. Kg2 Nd5 40. Bd4 Rxe1 41. Rxe1 f6 42. Kf3 Kf7 43. h4 Ne7 44. Bc5 Nc6 45. Ke4 Rd7 46. Rc1 Nd8 47. Bb6 Re7+ 48. Kd5 Rd7+ 49. Ke4 Re7+ 50. Kd5 Rd7+ 51. Ke4 1/2-1/2

[Event "Olympiad Women 2024"]
[Site "Budapest HUN"]
[Date "2024.09.16"]
[Round "6.41"]
[Board "3"]
[White "Mosweu, Atlang Amolemo"]
[Black "Giulian, Rosemary A"]
[Result "0-1"]
[WhiteElo "1797"]
[BlackElo "1922"]
[PlyCount "114"]
[EventDate "2024.09.11"]
[WhiteTeam "Botswana"]
[BlackTeam "Scotland"]
[WhiteTeamCountry "BOT"]
[BlackTeamCountry "SCO"]

1. d4 {Marin,Mihail} e6 2. c4 Nf6 3. Nc3 Bb4 4. Bd2 ({RR} 4. e3 O-O 5. Bd3 d5 6. Nf3 b6 7. O-O Bb7 8. cxd5 exd5 9. Ne5 Bd6 10. f4 c5 11. Qf3 Nc6) 4... O-O 5. Nf3 a5 6. e3 b6 7. Bd3 Bb7 8. O-O d5 ({RR} 8... d6) 9. cxd5 exd5 10. Rc1 ({RR} 10. Ne5 Nbd7 11. f4 c5 ({RR} 11... Bxc3 12. Bxc3 Ba6 13. Bxa6 Rxa6 14. Qd3 Ra8 15. Nc6 Qe8 16. b4 Ne4 17. Rfc1 Nb8 18. Nxb8 Qxb8 19. bxa5 bxa5 20. Rab1 Qc8 21. Be1) 12. a3 Bxc3 13. Bxc3 c4 14. Bc2 b5 15. Rf3 Ra6 16. Rg3 ({RR} 16. Qe1 Ne4 17. Bxa5) 16... Qe7 17. Qe1 Rfa8 18. Rd1 Nb6 19. Ng4 ({RR} 19. Kh1 Na4 ({RR} 19... Ne4 20. Bxe4 dxe4 21. d5 Nxd5 22. Rxg7+) 20. Bxa4 bxa4 21. f5 Ne4) 19... Nxg4 ({RR} 19... Ne4 20. Nh6+ Kh8 21. Rxg7) 20. Rxg4 Nd7 21. e4 ({RR} 21. Qg3 g6 22. f5 b4) 21... dxe4 ({RR} 21... Nf6 22. Rg5 ({RR} 22. Qh4 Qd7 23. Rg3 Nxe4 24. Bxe4 dxe4 25. d5 Rg6) 22... Nxe4 23. Bxe4 dxe4 24. Rxb5 ({RR} 24. d5 f6 25. Rh5 Rd6 26. Qh4 h6) 24... Qd7 25. Rxa5 ({RR} 25. Re5 Bd5) 25... Rxa5 26. Bxa5 e3) 22. d5 ({RR} 22. Rg5) 22... f6 23. Bxe4 Re8 24. Qg3 Nc5 {½-½ L'Ami,E (2628)-Anand,V (2810) Tata Steel-A 73rd 2011 (3)}) ({RR} 10. a3 Bd6 ({RR} 10... Bxc3 11. Bxc3 Ne4 12. Qc2) 11. Ne5 c5 12. f4 Nc6 13. Nb5 ({RR} 13. Qf3 cxd4 14. Nxc6 Bxc6 15. exd4 Re8 16. Rae1 Qd7) 13... cxd4 ({RR} 13... Be7) 14. exd4 Ne7 15. f5 Ne4 16. Bxe4 dxe4 17. f6) ({RR} 10. Ne5 Nbd7 11. f4 Bxc3 12. bxc3 Ne4 13. Rf3 f6 14. Bxe4 fxe5 15. Bc2 exf4 16. exf4 Nf6 17. f5 Qd7 18. Bf4 Ne4 19. g4 Rae8 20. Be5 g6 21. fxg6 hxg6 22. Bxe4 Qxg4+ 23. Rg3 Qxe4 24. Qh5 Qe3+ {½-½ Solomon,A (2242)-Uritsky,Y (2097) TCh-ISR 2024 (3.6)}) 10... Ne4 $146 ({RR} 10... Be7 11. Ne5 Nbd7 12. f4 c5 13. Be1 cxd4 14. exd4 Ne4 15. Qe2 f5 16. Bb5 Nxe5 17. fxe5 Bg5 18. Rd1 Qe7 19. Na4 Qe6 20. Rd3 Rac8 21. Rb3 Rc1 22. Bd3 Bd8 23. Bxa5 Rxf1+ 24. Qxf1 bxa5 25. Rxb7 {0-1 Makhnev,D (2481)-Tologontegin,S (2394) World Rapid 2022 (7.63)}) ({RR} 10... Nbd7 11. a3 Bxc3 12. Bxc3 Ne4 13. Qc2 g6 14. b4 Nxc3 15. Qxc3 c6 16. e4 axb4 17. axb4 Nf6 18. e5 Nd7 19. Rfe1 Re8 20. Qd2 Kg7 21. Qf4 Nf8 22. Ng5 Qe7 23. b5 Rac8 24. bxc6 Bxc6 25. Rb1 {0-1 Petraki,M (2035)-Jackson,S (2205) Olympiad Women-29 1990 (11)}) ({RR} 10... Nbd7 11. a3 Be7 12. Qc2 c5 13. dxc5 bxc5 14. Ne2 Ne4 15. Bc3 Ndf6 16. Rfd1 Qb6 17. Bxf6 Nxf6 18. Ng3 Rfd8 19. Be2 g6 20. Ne5 Rab8 21. Rd2 Ba8 22. Bf3 Bd6 23. Nd3 c4 24. Nf4 Be5 25. Nge2 {0-1 Lintchevski,D (2555)-Potkin,V (2665) Moscow MGSU Rector Cup rapid 2012 (8)}) 11. a3 Be7 12. Ne2 g6 13. Bc3 Nxc3 14. Rxc3 Nd7 15. Qd2 Nf6 16. Ng3 Ne4 17. Bxe4 dxe4 18. Ne5 c5 19. Rc2 f6 20. Nc4 b5 21. Qc3 bxc4 22. dxc5 Qd3 23. Rfc1 Qxc3 24. Rxc3 f5 25. Rxc4 Ba6 26. R4c2 Bd3 27. Rd2 Rfc8 28. b4 axb4 29. axb4 Rab8 30. Ne2 Bxe2 31. Rxe2 Rxb4 32. Rec2 Rxc5 33. Rxc5 Bxc5 34. g3 Rb5 35. Kg2 Bb6 36. Rc2 Rc5 37. Rd2 Rc3 38. Rb2 Rc6 39. Kf1 Rd6 40. Kg2 Kf7 41. Rc2 Rd3 42. Rb2 Bxe3 43. fxe3 Rxe3 44. Rb7+ Kg8 45. Rb2 Rd3 46. Kf1 Rd7 47. Ke2 Kg7 48. Kf2 Kf6 49. Ke2 Kg5 50. Kf2 Rd6 51. Kg2 Re6 52. Rf2 Kf6 53. Rc2 g5 54. Rf2 Ke5 55. Rb2 f4 56. Rb5+ Kf6 57. gxf4 gxf4 0-1

[Event "Olympiad Women 2024"]
[Site "Budapest HUN"]
[Date "2024.09.16"]
[Round "6.42"]
[Board "1"]
[White "Noshin, Anjum"]
[Black "Quevedo, Andreina"]
[Result "1/2-1/2"]
[WhiteElo "2085"]
[BlackElo "1851"]
[PlyCount "60"]
[EventDate "2024.09.11"]
[WhiteTeam "Bangladesh"]
[BlackTeam "Uruguay"]
[WhiteTeamCountry "BAN"]
[BlackTeamCountry "URU"]

1. e4 e5 2. Nf3 Nc6 3. Bb5 a6 4. Ba4 Nf6 5. d3 d6 6. c3 g6 7. O-O Bg7 8. Re1 O-O 9. Nbd2 b5 10. Bb3 Na5 11. Bc2 c5 12. Nf1 Qc7 ({RR} 12... h6 13. Bd2 Nc6 14. a4 Be6 15. Ne3 Qd7 16. Bb3 Rfb8 17. Bxe6 Qxe6 18. h3 c4 19. Qe2 Na5 20. axb5 axb5 21. Rad1 Rc8 22. Bc1 Rab8 23. dxc4 bxc4 24. Nd5 Nd7 25. Nb4 Nc6 26. Nd5 Ne7 27. Nxe7+ {0-1 Areshchenko,A (2694)-Efimenko,Z (2701) UKR-ch 80th Kiev 2011 (8)}) ({RR} 12... h6 13. Ng3 Nc6 14. h3 Be6 15. Be3 Rc8 16. Qd2 Kh7 17. d4 cxd4 18. cxd4 d5 19. Nxe5 Nxe5 20. dxe5 Nxe4 21. Nxe4 dxe4 22. Bxe4 Bxe5 23. a4 Qxd2 24. Bxd2 Bd4 25. axb5 axb5 26. Ra5 Rfd8 27. Be3 {½-½ Tobares,L (2155)-Dolezal,C (2383) Buenos Aires Masters 2024 (4.5)}) 13. Ng3 Bb7 14. Nh4 $146 ({RR} 14. Bd2 h6 15. Nh4 Bc8 16. h3 Be6 17. Qc1 Kh7 18. Rf1 Qe7 19. f4 exf4 20. Bxf4 Nc6 21. Nf3 Nd7 22. Qd2 Nde5 23. Rae1 b4 24. Nh2 Bxa2 25. Kh1 Be6 26. Qd1 Bd7 27. d4 cxd4 28. cxd4 Nc4 {0-1 Frank Nielsen,M (1980)-Nielsen,V (2247) Taastrup Quick Weekend 28th A 2018 (2)}) ({RR} 14. Bg5 d5 15. Qc1 d4 16. Bh6 Ne8 17. Nh4 f6 18. cxd4 cxd4 19. b4 Rc8 20. Re2 Nc6 21. Bb3+ Kh8 22. Rc2 Nd6 23. Be6 Rce8 24. Bd5 Rc8 25. Qd2 Qd7 26. Rac1 Ne7 27. Bb3 Rxc2 28. Rxc2 Rc8 {1-0 Aravindh,C (2641)-Goltseva,E (2306) Russia U16-Gurukul 2 U16 blitz 2020}) 14... d5 15. Qf3 dxe4 16. dxe4 Nc4 17. b3 Nd6 18. Qe2 Nd7 19. Rd1 Rfd8 20. Bg5 f6 21. Be3 c4 22. b4 a5 23. a3 Nf8 24. f3 Ne6 25. Qf2 Nc8 26. Rxd8+ Qxd8 27. Rd1 Qe7 28. Qd2 Bc6 29. Ne2 axb4 30. axb4 Kf7 1/2-1/2

[Event "Olympiad Women 2024"]
[Site "Budapest HUN"]
[Date "2024.09.16"]
[Round "6.42"]
[Board "2"]
[White "Fabra, Nahiara"]
[Black "Ahmed, Walijah"]
[Result "0-1"]
[WhiteElo "1932"]
[BlackElo "1936"]
[PlyCount "100"]
[EventDate "2024.09.11"]
[WhiteTeam "Uruguay"]
[BlackTeam "Bangladesh"]
[WhiteTeamCountry "URU"]
[BlackTeamCountry "BAN"]

1. e4 c5 2. Nf3 e6 3. d4 cxd4 4. c3 dxc3 5. Nxc3 Nc6 6. Bc4 a6 7. O-O Nge7 8. Bg5 h6 9. Bh4 g5 10. Bg3 Ng6 11. Nd5 d6 12. Ne3 ({RR} 12. Nc3 h5 13. h3 g4 14. Nd4 Nce5 15. Be2 Qg5 16. Qc1 Bh6 17. Qxg5 Bxg5 18. Na4 h4 19. Bh2 g3 20. Nb6 Rb8 21. Rad1 gxh2+ 22. Kxh2 Bd7 23. Rfe1 Rg8 24. Bf1 Bc6 25. a4 a5 26. b3 Bf6 {0-1 Rosen,E (2361)-Bazilius,A (2030) Titled Tue 2nd Jan Late 2024 (11)}) 12... Be7 13. Re1 $146 ({RR} 13. Qe2 b5 14. Bb3 Qb6 15. a4 Bb7 16. axb5 axb5 17. Rad1 Nge5 18. Bxe5 dxe5 19. Ng4 h5 20. Ngxe5 g4 21. Nxf7 Kxf7 22. e5 Na5 23. Bxe6+ Qxe6 24. Nd4 Qg6 25. f3 g3 26. e6+ Kg7 27. hxg3 Kh7 {1-0 Szava,M (2102)-Kovacs,A (2098) HUN-chT2 Barcza 1516 2015 (8.4)}) ({RR} 13. Nd4 Nce5 14. Bb3 h5 15. Qe2 Bd7 16. Rfd1 Rc8 17. Rac1 Rxc1 18. Rxc1 h4 19. Bxe5 dxe5 20. Nf3 O-O 21. Ng4 Qa5 22. g3 hxg3 23. hxg3 Kg7 24. Qe3 f6 25. Kg2 Rh8 26. Rh1 Rxh1 27. Kxh1 Qc5 {0-1 Farrington,E (2024)-Lazarev,V (2361) Lille Luce op 6th 2015 (3)}) 13... Kf8 14. h3 h5 15. a3 b5 16. Bb3 Bb7 17. Qd2 Nge5 18. Nxe5 dxe5 19. Qc3 Qd4 20. Rad1 Qxc3 21. bxc3 Rd8 22. Rxd8+ Bxd8 23. a4 Ke7 24. axb5 axb5 25. c4 b4 26. Ba4 f6 27. f3 Bb6 28. Bf2 Nd4 29. Nc2 Nxc2 30. Bxc2 Bxf2+ 31. Kxf2 Ra8 32. Bb3 Ra3 33. Rb1 Ba6 34. Kg3 Kd6 35. c5+ Kxc5 36. Rc1+ Kd6 37. Rd1+ Ke7 38. Rb1 Bd3 39. Rb2 Kd6 40. Bxe6 Kxe6 41. Rxb4 Ra2 42. Rb6+ Kf7 43. h4 Bf1 44. hxg5 Rxg2+ 45. Kh4 Rxg5 46. Rb7+ Kg6 47. Rb8 Be2 48. Rb3 Bxf3 49. Rxf3 Rg4+ 50. Kh3 Rxe4 0-1

[Event "Olympiad Women 2024"]
[Site "Budapest HUN"]
[Date "2024.09.16"]
[Round "6.42"]
[Board "4"]
[White "Altesor, Caterina"]
[Black "Hamid, Rani"]
[Result "0-1"]
[WhiteElo "1741"]
[BlackElo "1900"]
[PlyCount "90"]
[EventDate "2024.09.11"]
[WhiteTeam "Uruguay"]
[BlackTeam "Bangladesh"]
[WhiteTeamCountry "URU"]
[BlackTeamCountry "BAN"]

1. e4 c5 2. Nf3 e6 3. d4 cxd4 4. Nxd4 a6 5. g3 Nf6 6. Bg2 Be7 7. Nc3 Qc7 8. O-O O-O 9. Be3 Nc6 10. f4 d6 11. a4 Na5 ({RR} 11... Re8 12. Nb3 Nd7 13. g4 b6 14. g5 Nb4 15. Rf2 Bb7 16. Qg4 Bf8 17. Raf1 g6 18. f5 Ne5 19. Qh3 Bg7 20. Bf4 Rad8 21. f6 Bf8 22. Qg3 Qc4 23. Nb1 Nbc6 24. Nc3 Nd4 25. Nxd4 Qxd4 26. h4 {½-½ Ivanchuk,V (2768)-Bu,X (2675) FIDE World Cup 2011 (4.2)}) ({RR} 11... Bd7 12. Nb3 Na5 13. Nxa5 Qxa5 14. g4 Bc6 15. g5 Nd7 16. Ne2 Nc5 17. Qd4 e5 18. Qc4 exf4 19. b4 Qd8 20. Nxf4 Nxa4 21. Qb3 b5 22. g6 Bg5 23. gxf7+ Rxf7 24. Kh1 Bf6 25. Nh5 Qe7 26. Nxf6+ {1-0 Gong,D (2259)-Zhang,K (1978) Sydney Chess Championship 2024 (7.6)}) 12. Bf2 $146 ({RR} 12. Qe2 Nc4 13. e5 Ng4 14. exd6 Bxd6 15. Bc1 e5 16. fxe5 Bxe5 17. Nf5 Bxf5 18. Rxf5 Bd4+ 19. Kh1 Nce3 20. Bxe3 Nxe3 21. Nd5 Nxd5 22. Bxd5 Bxb2 23. Rb1 Qd7 24. Qf3 g6 25. Rxf7 Rxf7 26. Qxf7+ Qxf7 {0-1 Niemela,T-Issakainen,A (2221) FIN-chT1A 9900 1999}) ({RR} 12. Kh1 Nc4 13. Bc1 Re8 14. g4 Bf8 15. g5 Nd7 16. b3 Na5 17. Bb2 Nc6 18. Nde2 Rb8 19. Ng3 b5 20. axb5 axb5 21. Qd2 b4 22. Nd1 Bb7 23. Ne3 Ra8 24. Ng4 Rxa1 25. Bxa1 Ra8 26. f5 exf5 {1-0 Popovic,P (2502)-Berend,E (2302) FRA-chT2 0304 2003 (5)}) ({RR} 12. Kh1 Nc4 13. Bc1 Rb8 14. g4 Re8 15. g5 Nd7 16. Rf3 g6 17. b3 Na5 18. h4 Nc6 19. Bb2 Bf8 20. Nde2 Bg7 21. h5 b6 22. Rd3 Bf8 23. hxg6 fxg6 24. Rh3 Bb7 25. Nd5 exd5 26. Qxd5+ {1-0 Galdunts,S (2420)-Pax,H St Ingbert op 1994 (4)}) 12... Nc4 13. b3 Na5 14. Qf3 Bd7 15. Rac1 Rac8 16. Nce2 g6 17. c4 e5 18. Nc2 Bg4 19. Qe3 Bxe2 20. Qxe2 Nxb3 21. Rb1 Nc5 22. Rb4 a5 23. Rb5 Nxa4 24. Be1 b6 25. Ne3 Nc5 26. fxe5 dxe5 27. Nd5 Nxd5 28. exd5 f5 29. Bc3 Bd6 30. Rfb1 Na4 31. Bd2 Qxc4 32. Qxc4 Rxc4 33. Be3 f4 34. Bf2 Rfc8 35. Bh3 R8c7 36. Be6+ Kg7 37. Kg2 Rc2 38. Kg1 f3 39. Re1 R7c4 40. Rb3 e4 41. Bd7 Bc5 42. Bxc5 Nxc5 43. Rxb6 f2+ 44. Kf1 fxe1=Q+ 45. Kxe1 Rxh2 0-1

[Event "Olympiad Women 2024"]
[Site "Budapest HUN"]
[Date "2024.09.16"]
[Round "6.44"]
[Board "3"]
[White "Mutisya, Jully"]
[Black "Ning, Isabelle Yixuan"]
[Result "0-1"]
[WhiteElo "1750"]
[BlackElo "1915"]
[PlyCount "74"]
[EventDate "2024.09.11"]
[WhiteTeam "Kenya"]
[BlackTeam "New Zealand"]
[WhiteTeamCountry "KEN"]
[BlackTeamCountry "NZL"]

1. d4 Nf6 2. Bf4 e6 3. e3 c5 4. c3 b6 5. Nd2 Bb7 6. Ngf3 Be7 7. Bd3 cxd4 8. exd4 O-O 9. O-O d6 10. Re1 ({RR} 10. Qc2 Nbd7 11. Rfe1 Re8 12. Ne4 Qc7 13. Rad1 Rac8 14. Bg5 h6 15. Nxf6+ Nxf6 16. Bxf6 Bxf6 17. Be4 Bxe4 18. Qxe4 Qc4 19. a3 d5 20. Qc2 b5 21. Qd2 a5 22. Ne5 Bxe5 23. Rxe5 a4 24. Rde1 Qb3 {½-½ Ning,I (1662)-Deng,A (1558) NZL-ch U10/20 2020 (4)}) 10... Re8 ({RR} 10... Nbd7 11. Nc4 Qc7 12. h3 Rfe8 13. Bh2 Bf8 14. a4 a6 15. Ncd2 e5 16. Qc2 Rac8 17. Ng5 g6 18. Bc4 Re7 19. Qb3 d5 20. Bf1 Rce8 21. Ngf3 Ne4 22. Nxe4 dxe4 23. Nxe5 Nxe5 24. Bxe5 Qc6 25. Rad1 {½-½ Nguyen,N (2641)-Willow,J (2386) Titled Tuesday intern op 20th Oct blitz 2020 (5)}) 11. Qe2 Nbd7 12. Ne4 $146 ({RR} 12. Rad1 Nf8 13. h3 Ng6 14. Be3 a6 15. Nf1 Qc7 16. Bg5 b5 17. a3 Nd5 18. Bxg6 hxg6 19. Ne3 Bf8 20. Nh4 Nf6 21. Ng4 Ne4 22. Bc1 Rac8 23. Qd3 f5 24. Nxg6 fxg4 25. Rxe4 Bxe4 26. Qxe4 gxh3 {½-½ Dankulinets,Y (1700)-Glazkov,K (2018) M Shelest Memorial 2023 (4.6)}) ({RR} 12. a4 a6 13. Ng5 Nf8 14. h4 Nd5 15. Qh5 g6 16. Qg4 Nxf4 17. Qxf4 Bf6 18. Be4 e5 19. Qf3 d5 20. Bc2 Bxg5 21. hxg5 Qxg5 22. Nf1 e4 23. Qe3 Qxe3 24. fxe3 f5 25. g3 Ne6 26. Nd2 g5 {½-½ Pham Le Thao Nguyen (2395)-Dzierzak,R (2215) Titled Tue 27th Feb Late 2024 (2)}) ({RR} 12. Rad1 Qc7 13. Qf1 Rad8 14. h3 Nf8 15. Bh2 Ng6 16. Ne4 Nd5 17. Bb5 Bc6 18. Bxc6 Qxc6 19. c4 Ndf4 20. Bxf4 Nxf4 21. g3 Ng6 22. d5 Qc7 23. b3 e5 24. h4 h6 25. h5 Nf8 26. Qh3 Qd7 {1-0 Fritze,B (2240)-Israel,J Regionalliga NordS 9091 1990 (8.3)}) 12... Nxe4 13. Bxe4 Bxe4 14. Qxe4 Nf6 15. Qd3 Qd7 16. Rad1 b5 17. Nd2 Qc6 18. Rc1 Nd5 19. Bg3 Nb6 20. b3 d5 21. c4 bxc4 22. bxc4 dxc4 23. Nxc4 Rac8 24. Ne3 Qxc1 25. Rxc1 Rxc1+ 26. Nf1 Nd5 27. h3 h5 28. h4 Rec8 29. Kh2 Ra1 30. Qb5 a6 31. Qxa6 Rcc1 32. Qa8+ Kh7 33. Qe8 Rxf1 34. Be5 Bxh4 35. Kh3 Rh1+ 36. Bh2 Nf6 37. Qxf7 Rxh2+ 0-1

[Event "Olympiad Women 2024"]
[Site "Budapest HUN"]
[Date "2024.09.16"]
[Round "6.46"]
[Board "3"]
[White "Zavala Galindo, Alejandra Beatriz"]
[Black "Denning, Julie L"]
[Result "1-0"]
[WhiteElo "1870"]
[BlackElo "1741"]
[PlyCount "103"]
[EventDate "2024.09.11"]
[WhiteTeam "El Salvador"]
[BlackTeam "Guernsey"]
[WhiteTeamCountry "ESA"]

1. Nf3 Nf6 2. g3 b5 3. Bg2 Bb7 4. O-O g6 5. d3 Bg7 6. e4 d6 7. c3 ({RR} 7. Nc3 b4 8. Ne2 O-O 9. h3 a5 10. g4 c5 11. Ng3 Nc6 12. Rb1 Nd7 13. Be3 a4 14. a3 bxa3 15. bxa3 Ba6 16. Qd2 c4 17. Rfd1 cxd3 18. cxd3 Nce5 19. Nxe5 Nxe5 20. Qe2 Rb8 21. Rxb8 Qxb8 {0-1 Gukesh,D (2725)-Carlsen,M (2859) chess.com SpeedChess 2022 (1.21)}) ({RR} 7. Re1 O-O 8. Nbd2 c5 9. a4 b4 10. Nc4 Nfd7 11. h4 Nc6 12. h5 Ba6 13. h6 Bh8 14. Rb1 Rc8 15. Bg5 Bxc4 16. dxc4 Nd4 17. Be3 Nxf3+ 18. Bxf3 Ne5 19. Be2 Qd7 20. b3 Rcd8 21. Kg2 Nc6 {0-1 Sjugirov,S (2661)-Andreikin,D (2729) Titled Tue 4th Jun Late 2024 (9)}) 7... O-O 8. Qb3 $146 ({RR} 8. a4 a6 9. axb5 axb5 10. Rxa8 Bxa8 11. Nd4 c6 12. e5 dxe5 13. Nxb5 e4 14. N5a3 exd3 15. Qa4 Nbd7 16. Be3 Nd5 17. Re1 c5 18. Qd1 Nxe3 19. Rxe3 Bxg2 20. Kxg2 Qa8+ 21. Kg1 Ne5 22. f4 Nc6 {0-1 Verlinden,R-Filipek,J (2363) Ghent op 26th 2003 (2)}) 8... a5 9. a4 c6 10. Na3 Nbd7 11. axb5 Nc5 12. Qc2 cxb5 13. Nxb5 a4 14. Be3 Nb3 15. Rad1 e5 16. Nd2 Bc6 17. Na3 Qb8 18. h3 Qb7 19. Nac4 Rfd8 20. Bb6 Nxd2 21. Qxd2 Rd7 22. Ba5 Qb5 23. Bb4 Qb8 24. Qe3 Raa7 25. Ra1 Ne8 26. Rfd1 d5 27. Nb6 Rd8 28. exd5 Ba8 29. Rxa4 Rxa4 30. Nxa4 Bxd5 31. Bxd5 Rxd5 32. Qb6 Qc8 33. Kg2 Qa8 34. Kh2 Qxa4 35. Qb8 Qd7 36. c4 Bf6 37. cxd5 Kg7 38. Rc1 Kh6 39. Bd2+ g5 40. Rc8 Ng7 41. Rc6 Kg6 42. Qb6 Ne8 43. Qc5 Kg7 44. Bc3 Qf5 45. Qe3 h5 46. b4 Qd7 47. Bxe5 Qxd5 48. Qxg5+ Kf8 49. Rxf6 Nxf6 50. Bxf6 Qd6 51. Qg7+ Ke8 52. Qg8+ 1-0